000 01655nam0a2200349 i 4500
001 RU\NLR\bibl\1903897
005 20240921105833.0
010 _a9785898386023
_9500
021 _aRU
_b2012-32297
_92397
035 _a(NLR Aleph) 001893500
090 _a2951757
_c2951757
100 _a20120516d2011 k y0rusy50 ca
101 0 _arus
102 _aRU
105 _ab |||||||||
200 1 _aИсследование социальных процессов на Брянщине в период оккупации (1941-1943 гг.)
_e[+ электронный ресурс]
_fЮ.Т. Трифанков, В.В. Дзюбан, Е.Н. Шанцева
_gМ-во образования и науки Рос. Федерации, Брянский гос. техн. ун-т
210 _aБрянск
_cИзд-во БГТУ
_d2011
215 _a234 с.
_cкарт.
_d20
316 _aДиск отсутствует
_5NLR
320 _aБиблиогр.: с. 180-185
606 1 _aВеликая Отечественная война
_xОккупированные районы
_yБрянская область
_z1941 - 1945
_92110820
_3RU\NLR\auth\661579197
686 _aТ3(2)722.9-9(2Р-4Бр)
686 _aЦ35(2)722(2Р-4Бр)
700 1 _4070
_aТрифанков
_bЮ. Т.
_cд-р ист. наук
_f1943-
_gЮрий Трофимович
_9144777
_3RU\NLR\AUTH\770144813
701 1 _aДзюбан
_bВ. В.
_f1971-
_gВалерий Валерьевич
_4070
701 1 _aШанцева
_bЕ. Н.
_4070
801 0 _aRU
_bNLR
_c20120516
_gRCR
801 1 _aRU
_bNLR
_c20120516
942 _cBOOK
980 _aNBR